000 02781cam a22006014i 4500
003 PE-LiUPU
005 20250731172838.0
008 121206s2013 enk rb 001 0 eng
020 _a0199832269
_q(obra completa)
020 _a0199993351
_q(volumen 1)
020 _a019999336X
_q(volumen 2)
020 _a9780199832262
_q(obra completa)
020 _a9780199993352
_q(volumen 1)
020 _a9780199993369
_q(volumen 2)
035 _a(Sirsi) i9780199832262
040 _aPE-LiUPU
_bspa
_cPE-LiUPU
_erda
049 _aPRUA
082 0 0 _a220.603
_bO9
_223
245 0 4 _aThe Oxford encyclopedia of biblical interpretation /
_cSteven L. McKenzie, editor in chief.
246 3 3 _aAfrican american interpretation-Materialist Criticism
246 3 3 _aMetaphor theory and biblical texts-womanist interpretation
264 1 _aOxford :
_bOxford University Press,
_c[2013].
300 _a2 volúmenes ;
_c29 centímetros
336 _atext
_2rdacontent
337 _aunmediated
_2rdamedia
338 _avolume
_2rdacarrier
504 _aÍndice en el volumen 2 : páginas 467-566.
504 _aReferencias bibliográficas.
505 0 _gVolumen 1.
_aAfrican american interpretation-Materialist Criticism -- Afr-Mat.
505 0 _gVolumen 2.
_aMetaphor theory and biblical texts-womanist interpretation -- Met-Wom.
526 _aSEG42
526 _aSEG41
526 _aSEG40
526 _aSEG39
526 _aP94
526 _aP87
526 _aP86
526 _aP85
526 _aP77
526 _aP76
526 _aP35
541 _g97837643;
630 0 4 _aBiblia
_xCrítica, interpretación, etc.
_vEnciclopedias.
630 0 4 _aBiblia
_xHermenéutica
_vEnciclopedias.
700 1 _aMcKenzie, Steven L.,
_d1953- ,
_eeditor.
942 _2ddc
_cBOOK
949 _a220.603 O9 1
_wDEWEY
_c1
_i72678
_lCCODEBUL1
_mBUL
_p158.00
_r0
_sY
_tBOOK
_u2016-4-14
_xTEOLOGIA
_PP35
_0COMPRA
_o.CIRCNOTE. El documento es de alto precio.
_o.STAFF. Colección Teología
949 _a220.603 O9 2
_wDEWEY
_c1
_i72679
_lCCODEBUL1
_mBUL
_p158.00
_r0
_sY
_tBOOK
_u2016-4-14
_xTEOLOGIA
_PP35
_0COMPRA
_o.CIRCNOTE. El documento es de alto precio.
_o.STAFF. Colección Teología
994 _aC0
_bPEPRU
596 _a1
999 _a220.603 O9 1
_wDEWEY
_c9201
_i72678
_d9201
_e2019-6-10
_f2021-11-9
_g5
_lCCODEBUL1
_mBUL
_n4
_p158.00
_q4
_r0
_sY
_tBOOK
_u2016-4-14
_xTEOLOGIA
_PP35
_0COMPRA
_o.CIRCNOTE. El documento es de alto precio.
_o.STAFF. Colección Teología
999 _a220.603 O9 2
_wDEWEY
_c1
_i72679
_d2019-5-31
_e2019-4-1
_f2021-11-9
_g5
_lCCODEBUL1
_mBUL
_n2
_p158.00
_q2
_r0
_sY
_tBOOK
_u2016-4-14
_xTEOLOGIA
_PP35
_0COMPRA
_o.CIRCNOTE. El documento es de alto precio.
_o.STAFF. Colección Teología
980 _81
_gALBERTO SANCHEZ Responsable de Automatización